[Event "Tournoi International du Pays de Charleroi 2018"]
[Site "Roux, Belgium"]
[Date "2018.07.29"]
[Round "2.8"]
[White "Kukov, Velislav"]
[Black "Terryn, Ezra"]
[Result "1-0"]
[WhiteTitle "IM"]
[WhiteElo "2382"]
[BlackElo "2007"]

1. Nf3 {[%clk 01:30:53]} {[%emt 00:00:06]} Nf6 {[%clk 01:29:36]} {[%emt
00:01:23]} 2. d4 {[%clk 01:31:19]} {[%emt 00:00:05]} c5 {[%clk 01:29:04]}
{[%emt 00:01:01]} 3. c3 {[%clk 01:30:35]} {[%emt 00:01:15]} d5 {[%clk
01:29:14]} {[%emt 00:00:20]} 4. e3 {[%clk 01:28:31]} {[%emt 00:02:34]} e6
{[%clk 01:26:27]} {[%emt 00:03:17]} 5. Bd3 {[%clk 01:28:19]} {[%emt 00:00:42]}
Nc6 {[%clk 01:22:55]} {[%emt 00:04:02]} 6. Nbd2 {[%clk 01:28:14]} {[%emt
00:00:35]} Bd6 {[%clk 01:22:45]} {[%emt 00:00:40]} 7. O-O {[%clk 01:27:38]}
{[%emt 00:01:06]} O-O {[%clk 01:22:30]} {[%emt 00:00:45]} 8. e4 {[%clk
01:25:05]} {[%emt 00:03:03]} cxd4 {[%clk 01:19:08]} {[%emt 00:03:52]} 9. cxd4
{[%clk 01:22:55]} {[%emt 00:02:40]} Nb4 {[%clk 01:00:14]} {[%emt 00:19:24]} 10.
Bb1 {[%clk 01:22:49]} {[%emt 00:00:36]} dxe4 {[%clk 00:56:39]} {[%emt
00:04:04]} 11. Nxe4 {[%clk 01:23:17]} {[%emt 00:00:03]} Nxe4 {[%clk 00:49:54]}
{[%emt 00:07:15]} 12. Bxe4 {[%clk 01:23:12]} {[%emt 00:00:35]} Nd5 {[%clk
00:49:42]} {[%emt 00:00:41]} 13. Bg5 {[%clk 01:17:53]} {[%emt 00:05:48]} Be7
{[%clk 00:40:31]} {[%emt 00:09:43]} 14. Bd2 {[%clk 01:15:21]} {[%emt 00:03:02]}
Bd7 {[%clk 00:36:40]} {[%emt 00:04:20]} 15. Re1 {[%clk 01:13:52]} {[%emt
00:01:59]} Nf6 {[%clk 00:34:36]} {[%emt 00:02:35]} 16. Bxb7 {[%clk 01:01:34]}
{[%emt 00:12:48]} Rb8 {[%clk 00:34:58]} {[%emt 00:00:07]} 17. Ba6 {[%clk
01:01:30]} {[%emt 00:00:34]} Qb6 {[%clk 00:33:54]} {[%emt 00:01:35]} 18. Bc4
{[%clk 00:56:40]} {[%emt 00:05:20]} Qxb2 {[%clk 00:32:08]} {[%emt 00:02:16]} 19.
Bb3 {[%clk 00:56:26]} {[%emt 00:00:45]} Bc6 {[%clk 00:21:19]} {[%emt 00:11:18]}
20. Ne5 {[%clk 00:54:56]} {[%emt 00:01:59]} Rfc8 {[%clk 00:17:58]} {[%emt
00:03:52]} 21. Nxc6 {[%clk 00:51:01]} {[%emt 00:04:25]} Rxc6 {[%clk 00:18:06]}
{[%emt 00:00:22]} 22. d5 {[%clk 00:50:25]} {[%emt 00:01:07]} Nxd5 {[%clk
00:16:31]} {[%emt 00:02:05]} 23. Bxd5 {[%clk 00:44:45]} {[%emt 00:06:09]} Rd6
{[%clk 00:16:56]} {[%emt 00:00:05]} 24. Bf4 {[%clk 00:42:19]} {[%emt 00:02:55]}
Rxd5 {[%clk 00:17:20]} {[%emt 00:00:08]} 25. Qxd5 {[%clk 00:42:32]} {[%emt
00:00:17]} exd5 {[%clk 00:17:45]} {[%emt 00:00:04]} 26. Bxb8 {[%clk 00:42:59]}
{[%emt 00:00:03]} Qxb8 {[%clk 00:12:12]} {[%emt 00:06:03]} 27. Rxe7 {[%clk
00:43:23]} {[%emt 00:00:06]} g6 {[%clk 00:12:31]} {[%emt 00:00:10]} 28. Re2
{[%clk 00:38:46]} {[%emt 00:05:08]} Qb5 {[%clk 00:10:22]} {[%emt 00:02:39]} 29.
Rd2 {[%clk 00:37:49]} {[%emt 00:01:27]} Qa5 {[%clk 00:10:23]} {[%emt 00:00:29]}
30. Rad1 {[%clk 00:24:49]} {[%emt 00:13:29]} Kf8 {[%clk 00:10:42]} {[%emt
00:00:11]} 31. Re2 {[%clk 00:20:53]} {[%emt 00:04:27]} Kg7 {[%clk 00:07:19]}
{[%emt 00:03:53]} 32. h3 {[%clk 00:20:27]} {[%emt 00:00:56]} h6 {[%clk
00:07:29]} {[%emt 00:00:20]} 33. Rd3 {[%clk 00:20:07]} {[%emt 00:00:49]} Kf6
{[%clk 00:06:56]} {[%emt 00:01:03]} 34. Rf3+ {[%clk 00:19:50]} {[%emt
00:00:48]} Kg7 {[%clk 00:07:03]} {[%emt 00:00:22]} 35. Re7 {[%clk 00:18:05]}
{[%emt 00:02:15]} Kg8 {[%clk 00:02:19]} {[%emt 00:05:14]} 36. Rfxf7 {[%clk
00:16:01]} {[%emt 00:02:35]} d4 {[%clk 00:01:45]} {[%emt 00:01:04]} 37. Rg7+
{[%clk 00:15:31]} {[%emt 00:01:00]} Kf8 {[%clk 00:01:34]} {[%emt 00:00:41]} 38.
Ref7+ {[%clk 00:15:41]} {[%emt 00:00:20]} Ke8 {[%clk 00:01:57]} {[%emt
00:00:06]} 39. Rxa7 {[%clk 00:12:56]} {[%emt 00:03:15]} Qe1+ {[%clk 00:00:44]}
{[%emt 00:01:44]} 40. Kh2 {[%clk 00:13:24]} {[%emt 00:00:01]} Qe5 {[%clk
00:00:36]} {[%emt 00:00:38]} 41. g3 {[%clk 00:13:35]} {[%emt 00:00:19]} Kf8
{[%clk 00:28:27]} {[%emt 00:02:39]} 42. Rgf7+ {[%clk 00:43:21]} {[%emt
00:00:44]} Kg8 {[%clk 00:28:44]} {[%emt 00:00:13]} 43. Rfd7 {[%clk 00:42:23]}
{[%emt 00:01:29]} Qb8 {[%clk 00:26:44]} {[%emt 00:02:31]} 44. Rg7+ {[%clk
00:42:43]} {[%emt 00:00:08]} Kh8 {[%clk 00:27:06]} {[%emt 00:00:08]} 45. Rh7
{[%clk 00:43:09]} {[%emt 00:00:05]} 1-0

[Event "Tournoi International du Pays de Charleroi 2018"]
[Site "Roux, Belgium"]
[Date "2018.07.29"]
[Round "2.32"]
[White "Callier, Christophe"]
[Black "Dallemagne, Maximilien"]
[Result "1-0"]
[WhiteElo "1970"]
[BlackElo "2100"]

1. e4 {[%clk 01:21:59]} {[%emt 00:09:01]} e6 {[%clk 01:30:59]} {[%emt
00:00:01]} 2. d4 {[%clk 01:22:25]} {[%emt 00:00:03]} d5 {[%clk 01:31:24]}
{[%emt 00:00:05]} 3. Nc3 {[%clk 01:22:51]} {[%emt 00:00:04]} Nf6 {[%clk
01:31:50]} {[%emt 00:00:05]} 4. Bg5 {[%clk 01:23:03]} {[%emt 00:00:18]} Be7
{[%clk 01:32:15]} {[%emt 00:00:05]} 5. e5 {[%clk 01:23:30]} {[%emt 00:00:02]}
Nfd7 {[%clk 01:32:39]} {[%emt 00:00:06]} 6. h4 {[%clk 01:23:59]} {[%emt
00:00:01]} h6 {[%clk 01:33:04]} {[%emt 00:00:06]} 7. Bxe7 {[%clk 01:24:22]}
{[%emt 00:00:06]} Qxe7 {[%clk 01:33:33]} {[%emt 00:00:02]} 8. f4 {[%clk
01:24:36]} {[%emt 00:00:16]} a6 {[%clk 01:33:54]} {[%emt 00:00:09]} 9. Nf3
{[%clk 01:24:54]} {[%emt 00:00:11]} c5 {[%clk 01:33:17]} {[%emt 00:01:08]} 10.
Qd2 {[%clk 01:25:18]} {[%emt 00:00:06]} Nc6 {[%clk 01:31:44]} {[%emt 00:02:03]}
11. O-O-O {[%clk 01:25:42]} {[%emt 00:00:06]} b5 {[%clk 01:26:51]} {[%emt
00:05:23]} 12. g4 {[%clk 01:25:58]} {[%emt 00:00:13]} c4 {[%clk 01:17:45]}
{[%emt 00:09:37]} 13. f5 {[%clk 01:24:23]} {[%emt 00:02:05]} Nb6 {[%clk
01:14:10]} {[%emt 00:04:05]} 14. Qf4 {[%clk 01:17:09]} {[%emt 00:07:43]} Na4
{[%clk 00:47:35]} {[%emt 00:27:06]} 15. Nxa4 {[%clk 01:10:23]} {[%emt
00:07:16]} bxa4 {[%clk 00:47:27]} {[%emt 00:00:38]} 16. f6 {[%clk 01:10:23]}
{[%emt 00:00:29]} Qb7 {[%clk 00:37:02]} {[%emt 00:10:56]} 17. fxg7 {[%clk
01:08:16]} {[%emt 00:02:36]} Rg8 {[%clk 00:37:22]} {[%emt 00:00:11]} 18. c3
{[%clk 00:57:56]} {[%emt 00:10:49]} a3 {[%clk 00:29:40]} {[%emt 00:08:12]} 19.
Rd2 {[%clk 00:57:24]} {[%emt 00:01:02]} Na5 {[%clk 00:22:22]} {[%emt 00:07:48]}
20. Kb1 {[%clk 00:56:19]} {[%emt 00:01:35]} Rxg7 {[%clk 00:13:26]} {[%emt
00:09:27]} 21. Qxh6 {[%clk 00:52:52]} {[%emt 00:03:56]} Rxg4 {[%clk 00:11:21]}
{[%emt 00:02:35]} 22. Qh8+ {[%clk 00:53:11]} {[%emt 00:00:11]} Kd7 {[%clk
00:11:20]} {[%emt 00:00:32]} 23. Qf8 {[%clk 00:52:35]} {[%emt 00:01:05]} Rf4
{[%clk 00:09:33]} {[%emt 00:02:17]} 24. Ng5 {[%clk 00:49:16]} {[%emt 00:03:49]}
Qb6 {[%clk 00:02:57]} {[%emt 00:07:06]} 25. Nxe6 {[%clk 00:36:37]} {[%emt
00:13:09]} Qxe6 {[%clk 00:00:56]} {[%emt 00:02:32]} 26. Bh3 {[%clk 00:36:49]}
{[%emt 00:00:17]} Rf5 {[%clk 00:00:49]} {[%emt 00:00:37]} 27. Rf2 {[%clk
00:36:55]} {[%emt 00:00:23]} Kc7 {[%clk 00:00:38]} {[%emt 00:00:42]} 28. Qc5+
{[%clk 00:35:53]} {[%emt 00:01:32]} Nc6 {[%clk 00:00:38]} {[%emt 00:00:30]} 29.
Bxf5 {[%clk 00:35:12]} {[%emt 00:01:10]} Qh6 {[%clk 00:00:34]} {[%emt
00:00:35]} 30. Bxc8 {[%clk 00:34:45]} {[%emt 00:00:56]} Kxc8 {[%clk 00:00:33]}
{[%emt 00:00:32]} 31. Rf6 {[%clk 00:34:43]} {[%emt 00:00:32]} Qh7+ {[%clk
00:01:03]} {[%emt 00:00:01]} 32. Ka1 {[%clk 00:34:19]} {[%emt 00:00:53]} axb2+
{[%clk 00:01:31]} {[%emt 00:00:02]} 33. Kxb2 {[%clk 00:34:42]} {[%emt
00:00:07]} Rb8+ {[%clk 00:01:56]} {[%emt 00:00:05]} 34. Ka3 {[%clk 00:33:17]}
{[%emt 00:01:55]} Qc2 {[%clk 00:02:01]} {[%emt 00:00:24]} 35. Qxc6+ {[%clk
00:32:49]} {[%emt 00:00:59]} Kd8 {[%clk 00:02:30]} 36. Rd6+ {[%clk 00:32:58]}
{[%emt 00:00:20]} Ke7 {[%clk 00:02:47]} {[%emt 00:00:14]} 37. Qc7+ {[%clk
00:33:15]} {[%emt 00:00:13]} 1-0

[Event "Tournoi International du Pays de Charleroi 2018"]
[Site "Roux, Belgium"]
[Date "2018.07.29"]
[Round "2.4"]
[White "Cruz Lledo, Pablo"]
[Black "Van Malder, Dries"]
[Result "1-0"]
[WhiteTitle "IM"]
[WhiteElo "2443"]
[BlackElo "2126"]

1. d4 {[%clk 01:30:57]} {[%emt 00:00:03]} Nf6 {[%clk 01:30:49]} {[%emt
00:00:10]} 2. g3 {[%clk 01:30:48]} {[%emt 00:00:40]} e6 {[%clk 01:29:39]}
{[%emt 00:01:40]} 3. Bg2 {[%clk 01:31:08]} {[%emt 00:00:10]} c5 {[%clk
01:29:51]} {[%emt 00:00:18]} 4. Nf3 {[%clk 01:31:29]} {[%emt 00:00:09]} Nc6
{[%clk 01:28:50]} {[%emt 00:01:31]} 5. O-O {[%clk 01:31:52]} {[%emt 00:00:07]}
cxd4 {[%clk 01:25:57]} {[%emt 00:03:24]} 6. Nxd4 {[%clk 01:30:55]} {[%emt
00:01:27]} a6 {[%clk 01:19:56]} {[%emt 00:06:31]} 7. c4 {[%clk 01:30:23]}
{[%emt 00:01:02]} Be7 {[%clk 01:19:56]} {[%emt 00:00:30]} 8. Nc3 {[%clk
01:29:39]} {[%emt 00:01:13]} O-O {[%clk 01:19:22]} {[%emt 00:01:04]} 9. b3
{[%clk 01:28:07]} {[%emt 00:02:02]} Qc7 {[%clk 01:18:51]} {[%emt 00:01:01]} 10.
Bb2 {[%clk 01:28:16]} {[%emt 00:00:22]} d6 {[%clk 01:17:58]} {[%emt 00:01:23]}
11. Rc1 {[%clk 01:28:27]} {[%emt 00:00:19]} Rd8 {[%clk 01:17:36]} {[%emt
00:00:52]} 12. Nd5 {[%clk 01:27:55]} {[%emt 00:01:01]} Nxd5 {[%clk 01:09:47]}
{[%emt 00:08:19]} 13. cxd5 {[%clk 01:28:05]} {[%emt 00:00:20]} exd5 {[%clk
01:10:04]} {[%emt 00:00:14]} 14. Bxd5 {[%clk 01:26:52]} {[%emt 00:01:43]} Bd7
{[%clk 01:07:37]} {[%emt 00:02:56]} 15. Qd3 {[%clk 01:20:34]} {[%emt 00:06:48]}
Rac8 {[%clk 01:01:24]} {[%emt 00:06:43]} 16. Nf5 {[%clk 01:18:20]} {[%emt
00:02:44]} Bf8 {[%clk 00:56:17]} {[%emt 00:05:37]} 17. Nh6+ {[%clk 01:14:52]}
{[%emt 00:03:58]} Kh8 {[%clk 00:53:54]} {[%emt 00:02:54]} 18. Nxf7 {[%clk
01:14:57]} {[%emt 00:00:24]} Kg8 {[%clk 00:54:18]} {[%emt 00:00:06]} 19. Nxd8+
{[%clk 01:15:09]} {[%emt 00:00:18]} Kh8 {[%clk 00:54:32]} {[%emt 00:00:17]} 20.
Nf7 {[%clk 01:15:32]} {[%emt 00:00:06]} Kg8 {[%clk 00:54:57]} {[%emt 00:00:06]}
21. Ne5+ {[%clk 01:14:17]} {[%emt 00:01:44]} 1-0

[Event "Tournoi International du Pays de Charleroi 2018"]
[Site "Roux, Belgium"]
[Date "2018.07.29"]
[Round "2.23"]
[White "Van Mechelen, Jan"]
[Black "Philippe, Denis-Emmanuel"]
[Result "1-0"]
[WhiteTitle "FM"]
[WhiteElo "2217"]
[BlackElo "2047"]

1. Nf3 {[%clk 01:30:54]} {[%emt 00:00:05]} d5 {[%clk 01:30:57]} {[%emt
00:00:04]} 2. g3 {[%clk 01:30:47]} {[%emt 00:00:46]} Nf6 {[%clk 01:31:00]}
{[%emt 00:00:29]} 3. Bg2 {[%clk 01:31:08]} {[%emt 00:00:08]} Bg4 {[%clk
01:30:56]} {[%emt 00:00:35]} 4. O-O {[%clk 01:31:10]} {[%emt 00:00:27]} c6
{[%clk 01:31:24]} {[%emt 00:00:03]} 5. d3 {[%clk 01:31:16]} {[%emt 00:00:23]}
Nbd7 {[%clk 01:31:50]} {[%emt 00:00:05]} 6. Qe1 {[%clk 01:30:57]} {[%emt
00:00:48]} e5 {[%clk 01:31:20]} {[%emt 00:01:00]} 7. e4 {[%clk 01:31:16]}
{[%emt 00:00:11]} dxe4 {[%clk 01:30:14]} {[%emt 00:01:37]} 8. dxe4 {[%clk
01:30:42]} {[%emt 00:01:03]} Be7 {[%clk 01:28:57]} {[%emt 00:01:47]} 9. Nbd2
{[%clk 01:30:35]} {[%emt 00:00:35]} Qc7 {[%clk 01:27:51]} {[%emt 00:01:39]} 10.
h3 {[%clk 01:29:41]} {[%emt 00:01:23]} Bxf3 {[%clk 01:22:37]} {[%emt 00:05:45]}
11. Nxf3 {[%clk 01:29:41]} {[%emt 00:00:28]} O-O {[%clk 01:22:10]} {[%emt
00:00:59]} 12. b3 {[%clk 01:26:22]} {[%emt 00:03:48]} Nc5 {[%clk 01:14:38]}
{[%emt 00:08:03]} 13. Nh4 {[%clk 01:18:54]} {[%emt 00:07:55]} Rfe8 {[%clk
01:12:02]} {[%emt 00:03:08]} 14. Nf5 {[%clk 01:19:15]} {[%emt 00:00:08]} Bf8
{[%clk 01:08:20]} {[%emt 00:04:14]} 15. Bb2 {[%clk 01:05:43]} {[%emt 00:14:00]}
Rad8 {[%clk 01:04:27]} {[%emt 00:04:23]} 16. f3 {[%clk 01:00:48]} {[%emt
00:05:26]} Ne6 {[%clk 00:59:23]} {[%emt 00:05:35]} 17. Kh1 {[%clk 00:57:38]}
{[%emt 00:03:38]} Bc5 {[%clk 00:51:25]} {[%emt 00:08:29]} 18. h4 {[%clk
00:54:25]} {[%emt 00:03:42]} Nd4 {[%clk 00:48:35]} {[%emt 00:03:20]} 19. Ne3
{[%clk 00:54:45]} {[%emt 00:00:10]} b5 {[%clk 00:43:27]} {[%emt 00:05:40]} 20.
b4 {[%clk 00:51:07]} {[%emt 00:04:08]} Bf8 {[%clk 00:37:26]} {[%emt 00:06:31]}
21. c3 {[%clk 00:48:36]} {[%emt 00:02:59]} Ne6 {[%clk 00:37:39]} {[%emt
00:00:18]} 22. c4 {[%clk 00:48:34]} {[%emt 00:00:32]} Nd4 {[%clk 00:33:59]}
{[%emt 00:04:10]} 23. Rc1 {[%clk 00:48:51]} {[%emt 00:00:13]} Qd6 {[%clk
00:30:07]} {[%emt 00:04:22]} 24. c5 {[%clk 00:42:01]} {[%emt 00:07:19]} Qe6
{[%clk 00:28:04]} {[%emt 00:02:34]} 25. Rf2 {[%clk 00:41:06]} {[%emt 00:01:24]}
Nh5 {[%clk 00:27:12]} {[%emt 00:01:23]} 26. Kh2 {[%clk 00:35:24]} {[%emt
00:06:10]} g6 {[%clk 00:24:02]} {[%emt 00:03:42]} 27. Bh3 {[%clk 00:25:31]}
{[%emt 00:10:22]} Qf6 {[%clk 00:21:41]} {[%emt 00:02:52]} 28. Kg2 {[%clk
00:22:20]} {[%emt 00:03:40]} Qe7 {[%clk 00:20:07]} {[%emt 00:02:05]} 29. Rd1
{[%clk 00:19:43]} {[%emt 00:03:07]} Bg7 {[%clk 00:19:21]} {[%emt 00:01:16]} 30.
Nc2 {[%clk 00:19:40]} {[%emt 00:00:32]} Bf6 {[%clk 00:16:13]} {[%emt 00:03:39]}
31. Nxd4 {[%clk 00:18:24]} {[%emt 00:01:46]} exd4 {[%clk 00:16:33]} {[%emt
00:00:10]} 32. Rfd2 {[%clk 00:18:20]} {[%emt 00:00:32]} Be5 {[%clk 00:10:29]}
{[%emt 00:06:35]} 33. f4 {[%clk 00:17:46]} {[%emt 00:01:04]} Bxf4 {[%clk
00:09:31]} {[%emt 00:01:28]} 34. gxf4 {[%clk 00:18:06]} {[%emt 00:00:10]} Nxf4+
{[%clk 00:09:57]} {[%emt 00:00:06]} 35. Kh2 {[%clk 00:18:14]} {[%emt 00:00:21]}
Qe5 {[%clk 00:06:25]} {[%emt 00:04:03]} 36. Qg3 {[%clk 00:18:06]} {[%emt
00:00:36]} Qxe4 {[%clk 00:06:33]} {[%emt 00:00:22]} 37. Bxd4 {[%clk 00:16:36]}
{[%emt 00:02:00]} Ne2 {[%clk 00:03:31]} {[%emt 00:03:33]} 38. Qf2 {[%clk
00:16:51]} {[%emt 00:00:14]} Nxd4 {[%clk 00:01:55]} {[%emt 00:02:07]} 39. Rxd4
{[%clk 00:16:58]} {[%emt 00:00:23]} Rxd4 {[%clk 00:01:05]} {[%emt 00:01:20]} 40.
Rxd4 {[%clk 00:16:24]} {[%emt 00:01:04]} Qe5 {[%clk 00:01:20]} {[%emt
00:00:15]} 41. Kg1 {[%clk 00:15:44]} {[%emt 00:01:08]} f5 {[%clk 00:23:57]}
{[%emt 00:07:55]} 42. Bg2 {[%clk 00:45:25]} {[%emt 00:00:49]} Re6 {[%clk
00:21:55]} {[%emt 00:02:32]} 43. Rd8+ {[%clk 00:44:52]} {[%emt 00:01:03]} Kg7
{[%clk 00:21:13]} {[%emt 00:01:12]} 44. Qd4 {[%emt 00:01:26]} 1-0

[ePGN "0.1;DGT LiveChess/2.1"]

[Event "Tournoi International du Pays de Charleroi 2018"]
[Site "Roux, Belgium"]
[Date "2018.07.30"]
[Round "3.4"]
[White "Okhotnik, Vladimir"]
[Black "Iolis, Oleg"]
[Result "1-0"]
[WhiteTitle "GM"]
[WhiteElo "2384"]
[BlackElo "2151"]

1. d4 {[%clk 01:30:56]} {[%emt 00:00:05]} Nf6 {[%clk 01:30:55]} {[%emt
00:00:05]} 2. Nf3 {[%clk 01:31:21]} {[%emt 00:00:05]} g6 {[%clk 01:30:58]}
{[%emt 00:00:27]} 3. Nc3 {[%clk 01:31:44]} {[%emt 00:00:07]} d5 {[%clk
01:31:24]} {[%emt 00:00:04]} 4. Bf4 {[%clk 01:32:10]} {[%emt 00:00:03]} Bg7
{[%clk 01:30:43]} {[%emt 00:01:11]} 5. Nb5 {[%clk 01:32:34]} {[%emt 00:00:06]}
Na6 {[%clk 01:31:05]} {[%emt 00:00:07]} 6. e3 {[%clk 01:33:01]} {[%emt
00:00:03]} c6 {[%clk 01:29:12]} {[%emt 00:02:24]} 7. Nc3 {[%clk 01:33:01]}
{[%emt 00:00:29]} Nc7 {[%clk 01:27:48]} {[%emt 00:01:56]} 8. h3 {[%clk
01:33:18]} {[%emt 00:00:12]} O-O {[%clk 01:26:51]} {[%emt 00:01:27]} 9. Be2
{[%clk 01:33:43]} {[%emt 00:00:05]} c5 {[%clk 01:23:25]} {[%emt 00:03:56]} 10.
O-O {[%clk 01:28:19]} {[%emt 00:05:53]} cxd4 {[%clk 01:23:50]} {[%emt
00:00:06]} 11. exd4 {[%clk 01:28:37]} {[%emt 00:00:12]} Nce8 {[%clk 01:22:49]}
{[%emt 00:01:31]} 12. Re1 {[%clk 01:26:43]} {[%emt 00:02:24]} Nd6 {[%clk
01:23:06]} {[%emt 00:00:13]} 13. Bf1 {[%clk 01:23:34]} {[%emt 00:03:39]} Re8
{[%clk 01:20:55]} {[%emt 00:02:41]} 14. Nb5 {[%clk 01:18:43]} {[%emt 00:05:20]}
Nxb5 {[%clk 01:20:06]} {[%emt 00:01:19]} 15. Bxb5 {[%clk 01:19:08]} {[%emt
00:00:05]} Bd7 {[%clk 01:20:27]} {[%emt 00:00:10]} 16. Bd3 {[%clk 01:19:19]}
{[%emt 00:00:19]} Qb6 {[%clk 01:20:30]} {[%emt 00:00:26]} 17. b3 {[%clk
01:17:12]} {[%emt 00:02:38]} Bf5 {[%clk 01:00:34]} {[%emt 00:20:26]} 18. Bxf5
{[%clk 01:13:32]} {[%emt 00:04:10]} gxf5 {[%clk 01:00:55]} {[%emt 00:00:09]} 19.
c4 {[%clk 01:12:44]} {[%emt 00:01:18]} dxc4 {[%clk 00:56:26]} {[%emt 00:05:00]}
20. bxc4 {[%clk 01:13:08]} {[%emt 00:00:05]} Rac8 {[%clk 00:56:00]} {[%emt
00:00:56]} 21. Qb3 {[%clk 01:12:23]} {[%emt 00:01:15]} Qa6 {[%clk 00:55:39]}
{[%emt 00:00:51]} 22. Rac1 {[%clk 01:09:24]} {[%emt 00:03:29]} Rc6 {[%clk
00:46:20]} {[%emt 00:09:49]} 23. c5 {[%clk 01:06:44]} {[%emt 00:03:10]} e6
{[%clk 00:45:29]} {[%emt 00:01:21]} 24. d5 {[%clk 01:01:32]} {[%emt 00:05:42]}
Rcc8 {[%clk 00:42:28]} {[%emt 00:03:32]} 25. c6 {[%clk 00:59:32]} {[%emt
00:02:30]} Nxd5 {[%clk 00:40:03]} {[%emt 00:02:55]} 26. cxb7 {[%clk 00:56:22]}
{[%emt 00:03:38]} Nxf4 {[%clk 00:40:17]} {[%emt 00:00:17]} 27. Rxc8 {[%clk
00:56:24]} {[%emt 00:00:28]} Rxc8 {[%clk 00:40:43]} {[%emt 00:00:03]} 28. b8=Q
{[%clk 00:56:48]} {[%emt 00:00:07]} Rxb8 {[%clk 00:41:05]} {[%emt 00:00:09]} 29.
Qxb8+ {[%clk 00:57:13]} {[%emt 00:00:04]} Bf8 {[%clk 00:41:33]} {[%emt
00:00:02]} 30. Qxf4 {[%clk 00:57:39]} {[%emt 00:00:04]} 1-0

[Event "Tournoi International du Pays de Charleroi 2018"]
[Site "Roux, Belgium"]
[Date "2018.07.30"]
[Round "3.15"]
[White "Terryn, Ezra"]
[Black "Van Mechelen, Jan"]
[Result "1-0"]
[BlackTitle "FM"]
[WhiteElo "2007"]
[BlackElo "2217"]

1. e4 {[%clk 01:30:51]} {[%emt 00:00:08]} e5 {[%clk 01:30:27]} {[%emt
00:00:33]} 2. Nf3 {[%clk 01:30:47]} {[%emt 00:00:35]} Nc6 {[%clk 01:30:39]}
{[%emt 00:00:18]} 3. Bc4 {[%clk 01:29:37]} {[%emt 00:01:40]} Bc5 {[%clk
01:30:32]} {[%emt 00:00:37]} 4. c3 {[%clk 01:29:57]} {[%emt 00:00:10]} Nf6
{[%clk 01:30:52]} {[%emt 00:00:10]} 5. d3 {[%clk 01:30:20]} {[%emt 00:00:07]}
a6 {[%clk 01:30:40]} {[%emt 00:00:43]} 6. Bb3 {[%clk 01:30:29]} {[%emt
00:00:21]} d6 {[%clk 01:30:36]} {[%emt 00:00:33]} 7. Nbd2 {[%clk 01:29:08]}
{[%emt 00:01:51]} O-O {[%clk 01:29:04]} {[%emt 00:02:02]} 8. h3 {[%clk
01:29:04]} {[%emt 00:00:34]} Ba7 {[%clk 01:28:59]} {[%emt 00:00:36]} 9. Nf1
{[%clk 01:29:27]} {[%emt 00:00:07]} Ne7 {[%clk 01:14:21]} {[%emt 00:15:07]} 10.
Bg5 {[%clk 01:14:04]} {[%emt 00:15:53]} Ng6 {[%clk 01:13:50]} {[%emt 00:01:00]}
11. Nh4 {[%clk 01:08:03]} {[%emt 00:06:31]} Nxh4 {[%clk 01:00:39]} {[%emt
00:13:42]} 12. Bxh4 {[%clk 01:08:19]} {[%emt 00:00:14]} Be6 {[%clk 00:58:06]}
{[%emt 00:03:02]} 13. Qf3 {[%clk 01:04:02]} {[%emt 00:04:45]} h6 {[%clk
00:52:46]} {[%emt 00:05:52]} 14. Bxf6 {[%clk 01:03:25]} {[%emt 00:01:07]} Qxf6
{[%clk 00:52:55]} {[%emt 00:00:20]} 15. Qxf6 {[%clk 01:02:28]} {[%emt
00:01:28]} gxf6 {[%clk 00:53:19]} {[%emt 00:00:06]} 16. g4 {[%clk 01:00:05]}
{[%emt 00:02:52]} Kg7 {[%clk 00:49:46]} {[%emt 00:04:03]} 17. Ng3 {[%clk
01:00:16]} {[%emt 00:00:19]} Rfe8 {[%emt 00:04:22]} 18. Nh5+ {[%clk 00:59:16]}
Kg6 {[%clk 00:47:24]} {[%emt 00:00:29]} 19. Ke2 {[%clk 00:56:51]} {[%emt
00:02:54]} c6 {[%clk 00:47:02]} {[%emt 00:00:53]} 20. Raf1 {[%clk 00:52:10]}
{[%emt 00:05:10]} Bb6 {[%clk 00:45:41]} {[%emt 00:01:51]} 21. f4 {[%clk
00:52:05]} {[%emt 00:00:35]} exf4 {[%clk 00:45:57]} {[%emt 00:00:16]} 22. Nxf4+
{[%clk 00:52:25]} {[%emt 00:00:09]} Kh7 {[%clk 00:44:16]} {[%emt 00:02:11]} 23.
Nxe6 {[%clk 00:51:43]} {[%emt 00:01:14]} fxe6 {[%clk 00:44:37]} {[%emt
00:00:08]} 24. Rxf6 {[%clk 00:52:07]} {[%emt 00:00:06]} Rf8 {[%clk 00:43:41]}
{[%emt 00:01:25]} 25. Rhf1 {[%clk 00:52:01]} {[%emt 00:00:36]} Kg7 {[%clk
00:44:00]} {[%emt 00:00:11]} 26. Rxf8 {[%clk 00:51:49]} {[%emt 00:00:43]} Rxf8
{[%clk 00:44:23]} {[%emt 00:00:06]} 27. Rxf8 {[%clk 00:52:15]} {[%emt
00:00:04]} Kxf8 {[%clk 00:44:43]} {[%emt 00:00:10]} 28. Bxe6 {[%clk 00:52:38]}
{[%emt 00:00:06]} 1-0